Amedeo Modigliani 1884-1920: la poesía del instante

Gardado en:
Detalles Bibliográficos
Autor Principal: Krystof, Doris (Author)
Formato: Libro
Idioma:Lingua castelá
Publicado: Madrid Taschen 2005
Subjects:
Tags: Engadir etiqueta
Sen Etiquetas, Sexa o primeiro en etiquetar este rexistro!

MARC

LEADER 00000nam a2200000 a 4500
001 UCG4469
003 CL-VaPUC
008 101104e20050000SP |||||||||||||||||spa|d
020 |a 9783822861912 
082 0 4 |a 759.5  |b KRY  |2 21 
100 |a Krystof, Doris  |e author  |9 557761 
245 1 0 |a Amedeo Modigliani 1884-1920: la poesía del instante 
300 |a 95 p 
942 |c BK 
945 |d 20101104 00:00:00  |a mfarfan 
260 |a Madrid  |b Taschen  |c 2005 
600 0 |a Modigliani, Amedeo Clemente,   |d 1884-1920  |9 390828 
650 0 |a Pintura  |9 265046 
650 0 |a Pintores   |9 265963 
650 0 |a Obras de arte  |9 337253 
650 0 |a Artistas   |9 262026 
583 |a last modification  |c 20101104 00:00:00  |k Rodrigo Vera 
999 |c 343173  |d 343171 
952 |0 0  |1 0  |4 0  |6 759_500000000000000_KRY_2005  |7 0  |8 A  |9 440246  |a BIBHIS  |b BIBHIS  |d 2019-11-22  |i 4731107  |o 759.5 KRY 2005  |p 4731107  |r 2025-01-20  |w 2019-11-22  |y BK  |k HIS